Introduction to e-commerce /
Saved in:
| 主要作者: | |
|---|---|
| 其他作者: | |
| 格式: | 图书 |
| 出版: |
Boston :
McGraw-Hill Irwin MarketspaceU,
c2004.
|
| 版: | 2nd ed. |
| 丛编: | McGraw-Hill/Irwin series in marketing
|
| 主题: | |
| 在线阅读: | http://www.loc.gov/catdir/enhancements/fy0702/2003044184-d.html http://www.loc.gov/catdir/enhancements/fy0702/2003044184-t.html |
| 标签: |
添加标签
没有标签, 成为第一个标记此记录!
|
MARC
| LEADER | 00000cam a22000004a 4500 | ||
|---|---|---|---|
| 005 | 20260418153656.0 | ||
| 020 | |a 0072553472 |c TZS 10,000/= | ||
| 020 | |a 9780072553475 | ||
| 040 | |a MCCL |b eng. |e AACR 2nd rev. ed. | ||
| 082 | 0 | 0 | |a 368.142 RAY |
| 100 | 1 | |a Rayport, Jeffrey F. | |
| 245 | 1 | 0 | |a Introduction to e-commerce / |c Jeffrey F. Rayport, Bernard J. Jaworski. |
| 250 | |a 2nd ed. | ||
| 260 | |a Boston : |b McGraw-Hill Irwin MarketspaceU, |c c2004. | ||
| 300 | |a xxvii, 516 p. : |b ill. ; |c 27 cm. | ||
| 440 | 0 | |a McGraw-Hill/Irwin series in marketing | |
| 504 | |a Includes bibliographical references and index. | ||
| 650 | 0 | |a Electronic commerce. | |
| 700 | 1 | |a Jaworski, Bernard J. | |
| 856 | 4 | 2 | |u http://www.loc.gov/catdir/enhancements/fy0702/2003044184-d.html |
| 856 | 4 | 1 | |u http://www.loc.gov/catdir/enhancements/fy0702/2003044184-t.html |
| 942 | |c BK | ||
| 999 | |c 12699 |d 12699 | ||